Coats of Arms: South America - Statistics

General Stats
  • This quiz has been taken 61 times
  • The average score is 11 of 12
Answer Stats
Picture Answer % Correct
Argentina
100%
Bolivia
100%
Ecuador
98%
Peru
98%
Colombia
95%
Paraguay
95%
Uruguay
95%
Brazil
93%
Chile
93%
Venezuela
93%
Guyana
90%
Suriname
90%
No matching quizzes found
Score Distribution
Percent of People with Each Score
Percentile by Number Answered
Your Score History
You have not taken this quiz